Eishockey: Gründungsmitglieder der DEL (1994) - Statistiken

Allgemein
  • Dieses Quiz wurde 90 mal gespielt
  • Das Durchschnittsergebnis liegt bei 12 aus 18
Antwortstatistiken
# Verein % Korrekt
17. EHC Eisbären Berlin
98%
6. Kölner Haie
93%
18. Maddogs München
93%
3. Adler Mannheim
91%
5. Düsseldorfer EG
91%
10. Frankfurt Lions
78%
4. Krefelder EV
78%
13. Augsburger Panther
72%
12. EHC 80 Nürnberg
70%
14. EC Hannover
69%
7. Kassel Huskies
68%
9. SERC Wild Wings
58%
2. EV Landshut
57%
8. SB Rosenheim
52%
15. ESG Sachsen Weißwasser
35%
11. Kaufbeurer Adler
32%
1. BSC Preussen
22%
16. Ratinger Löwen
20%
Keine übereinstimmenden Quizze gefunden
Verteilung der Resultate
Anzahl Personen mit jedem Resultat
Perzentil nach korrekt beantworteten Fragen
Ihre Resultats-Entwicklung
Sie haben dieses Quiz noch nicht gespielt